00419nam a22000977a 450000500170000000800410001704000130005810000360007124501870010726000270029420250924092601.0250924b |||||||| |||| 00| 0 eng d aKMUcKMU aBanda, Paul S.K. eAgroforestry aAssessing the Importance of Gonaderma Fungus and their Medical, Edibility and Ecological Roles in the Livelihood of the Local People: A Case Study of Chipata District, Eastern Zambia aChinsali;bKMU,c2018.